000 00662nam a2200193Ia 4500
003 GCL
008 140319s9999 xx 000 0 ara d
020 _a9265603977
040 _aGCL /
_cGCL
082 0 4 _a004
_bف م
245 1 0 _aالمتحكمات المنطقية المبرمجة
260 _aالقاهرة :
_bخورازم للنشر والتوزيع والكمبيوتر
300 _a398 ص ؛
_c24 سم
650 0 4 _aالحاسبات الالكترونية
650 0 4 _aنظم المعلومات
650 0 4 _aاختزان واسترجاع المعلومات
650 0 4 _aالحاسبات الالكترونية - برامج
942 _2ddc
_cBK
999 _c5457
_d5457